[Event "Ibercaja Open"]
[Site "Zaragoza"]
[Date "1992.??.??"]
[Round "?"]
[White "Braga, Fernando"]
[Black "Ubilava, Elizbar E"]
[Result "0-1"]
[WhiteElo "2405"]
[BlackElo "2560"]
[PlyCount "68"]
[EventDate "1992.??.??"]
[Source "www.chesslib.no"]
[SourceDate "2004.05.04"]

1. d4 Nf6 2. c4 d6 3. Nc3 e5 4. Nf3 Nbd7 5. Bg5 Be7 6. e3 O-O 7. Qc2 c6 8. Bd3 h6 9. Bh4 Re8 10. O-O-O Qa5 11. g4 Nxg4 12. Rhg1 Nxh2 13. Bh7+ Kh8 14. Rxg7 Nxf3 15. Rxf7 Nxh4 16. Bg8 Nf6 17. Rxf6 Bf5 18. Rxf5 Nxf5 19. Qxf5 Rxg8 20. Rh1 Bg5 21. Ne4 Qd8 22. Qe6 Qf8 23. Nxd6 Kh7 24. Nf7 Rg6 25. Qd7 Qg7 26. dxe5 Kg8 27. e6 Rxe6 28. Qxe6 Qxf7 29. Qg4 Qxf2 30. Rxh6 Qxe3+ 31. Kc2 Rf8 32. Rg6+ Kh7 33. Qxg5 Rf2+ 34. Kd1 Qe2+ 0-1

[Event "North American Open"]
[Site "Las Vegas"]
[Date "2003.12.29"]
[Round "5"]
[White "Agrest, Evgenij"]
[Black "Ginsburg, Mark"]
[Result "1-0"]
[WhiteElo "2605"]
[BlackElo "2359"]
[PlyCount "69"]
[EventDate "2003.12.26"]
[Source "Roberto Alvarez"]
[SourceDate "2004.01.19"]

1. d4 Nf6 2. c4 d6 3. Nc3 e5 4. Nf3 e4 5. Ng5 Bf5 6. g4 Bxg4 7. Bg2 Nbd7 8. Ngxe4 c6 9. Ng3 Nb6 10. Qd3 d5 11. c5 Nc4 12. O-O Be6 13. f4 g6 14. f5 gxf5 15. Nxf5 Rg8 16. b3 Na5 17. Bd2 b6 18. cxb6 axb6 19. Rae1 Nb7 20. e4 dxe4 21. Nxe4 Nxe4 22. Qxe4 Rxa2 23. Qxc6+ Qd7 24. Qc3 Kd8 25. Ng3 Nd6 26. Rf2 Nb5 27. Qc1 Rxd2 28. Qxd2 Rg4 29. Kh1 Nxd4 30. Ra1 Nxb3 31. Ra8+ Ke7 32. Qxd7+ Bxd7 33. Ra7 Nc5 34. Bc6 Ke6 35. Re2+ 1-0

[Event "BUL Team Ch"]
[Site "Varna BUL"]
[Date "1995.??.??"]
[Round "6"]
[White "Georgiev, Kiril D"]
[Black "Janev, Evgeni"]
[Result "1-0"]
[WhiteElo "2625"]
[BlackElo "2335"]
[PlyCount "133"]
[EventDate "1995.??.??"]
[Source "www.chesslib.no"]
[SourceDate "2004.05.04"]

1. d4 Nf6 2. c4 d6 3. Nc3 e5 4. Nf3 Qe7 5. Bg5 c6 6. e3 Bg4 7. Be2 h6 8. Bh4 Nbd7 9. O-O g5 10. Bg3 Bg7 11. h3 Bh5 12. c5 Bxf3 13. Bxf3 dxc5 14. d5 cxd5 15. Nxd5 Nxd5 16. Qxd5 Rb8 17. Rfd1 Nb6 18. Qe4 O-O 19. Qf5 Qf6 20. Qc2 c4 21. a4 a5 22. Qd2 Rfe8 23. Qxa5 Ra8 24. Qb5 e4 25. Bh5 Qxb2 26. Rab1 Qxb5 27. Rxb5 Nxa4 28. Rxb7 Rf8 29. Bd6 Rfd8 30. Bxf7+ Kh8 31. Bxc4 Nb2 32. Rxg7 Nxc4 33. Rg6 Kh7 34. Re6 Ra6 35. Rc1 Nxd6 36. Rc7+ Kg8 37. Rg6+ Kf8 38. Rxh6 Kg8 39. Rg6+ Kf8 40. Rf6+ Kg8 41. Rg6+ Kf8 42. Rxg5 Re8 43. Rg4 Re7 44. Rf4+ Ke8 45. Rxe7+ Kxe7 46. g4 Ke6 47. Kg2 Ke5 48. h4 Ra8 49. Kg3 Rg8 50. h5 Ne8 51. Kh4 Ng7 52. h6 Rh8 53. g5 Ne6 54. Rf7 Rf8 55. h7 Rxf7 56. h8=Q+ Kf5 57. Qh5 Re7 58. g6+ Kf6 59. Kg4 Ng7 60. Qg5+ Ke6 61. Kf4 Kd7 62. Qd5+ Ke8 63. Kg5 Kf8 64. Qd8+ Ne8 65. Kh6 Re5 66. Qb8 Re7 67. g7+ 1-0

[Event "Corsican op"]
[Site "Bastia"]
[Date "1998.11.04"]
[Round "9"]
[White "Dao Thien Hai"]
[Black "Giffard, Nicolas"]
[Result "1-0"]
[WhiteElo "2580"]
[BlackElo "2375"]
[PlyCount "94"]
[EventDate "1998.11.01"]
[Source "ChessBase"]
[SourceDate "1999.01.01"]

1. d4 Nf6 2. c4 d6 3. Nc3 e5 4. Nf3 e4 5. Ng5 Qe7 6. Qc2 Bf5 7. f3 Nc6 8. d5 Nd4 9. Qa4+ Qd7 10. Qd1 c5 11. Ngxe4 Nxe4 12. fxe4 Bg4 13. h3 Bh5 14. g4 Be7 15. Qd3 Bh4+ 16. Kd1 Bg6 17. Bg2 b5 18. cxb5 Rb8 19. a4 Nb3 20. Ra3 Na5 21. Nb1 O-O 22. Bd2 c4 23. Qc2 Nb3 24. Qxc4 Nxd2 25. Nxd2 Rfc8 26. Qd3 a6 27. Rb3 axb5 28. axb5 Bf6 29. e3 Rc5 30. b6 h5 31. Bf3 hxg4 32. hxg4 Bd8 33. Qa6 Qb7 34. Qxb7 Rxb7 35. Ke2 Rxb6 36. Rxb6 Bxb6 37. Ra1 f6 38. Ra6 Rb5 39. Nc4 Bc5 40. Kd2 Bb4+ 41. Kc1 Rc5 42. b3 Rc8 43. Kc2 Be8 44. Rb6 Bc5 45. Rb7 Bxe3 46. Kd3 Bf4 47. Rb6 Rd8 1-0

[Event "Moscow RUS"]
[Site "?"]
[Date "2003.??.??"]
[Round "5"]
[White "Bagirov Rufat"]
[Black "Nureev Garun"]
[Result "0-1"]
[WhiteElo "2494"]
[BlackElo "2456"]
[PlyCount "102"]
[EventDate "2003.??.??"]
[Source "www.chesslib.no"]
[SourceDate "2004.05.04"]

1. d4 Nf6 2. c4 d6 3. Nc3 e5 4. Nf3 exd4 5. Nxd4 g6 6. g3 Bg7 7. Bg2 O-O 8. O-O Nbd7 9. b3 Re8 10. Bb2 Nc5 11. Qc2 Qe7 12. Rad1 c6 13. Rfe1 h5 14. Bc1 h4 15. Bg5 hxg3 16. hxg3 a5 17. e4 Qc7 18. Bf4 Ng4 19. Ndb5 cxb5 20. Nxb5 Qd8 21. Nxd6 Ne6 22. Nxe8 Qxe8 23. Be3 Nxe3 24. Rxe3 Nd4 25. Qd2 Bg4 26. f3 Be6 27. Rd3 Nc6 28. Qg5 Bf8 29. f4 Be7 30. Qb5 Nb4 31. Qxe8+ Rxe8 32. R3d2 Bg4 33. Re1 Bc5+ 34. Kf1 Nc6 35. Rd5 b6 36. e5 Nd4 37. Re4 Nc2 38. Rd2 Ne3+ 39. Rxe3 Bxe3 40. Rd6 g5 41. Bc6 Re7 42. Kg2 Kg7 43. Rd3 Bc1 44. Rc3 Ba3 45. Rd3 Bf5 46. Rd8 gxf4 47. gxf4 f6 48. Rb8 fxe5 49. fxe5 Bc5 50. a3 Re6 51. Ba8 Bxa3 0-1

[Event "Pula tt2"]
[Site "Pula"]
[Date "1990.??.??"]
[Round "7"]
[White "Begovac, Franja"]
[Black "Kovacevic, Vlatko"]
[Result "0-1"]
[WhiteElo "2405"]
[BlackElo "2540"]
[PlyCount "58"]
[EventDate "1990.??.??"]
[Source "www.chesslib.no"]
[SourceDate "2004.05.04"]

1. d4 Nf6 2. c4 d6 3. Nc3 e5 4. Nf3 e4 5. Ng5 Bf5 6. g4 Bxg4 7. Bg2 c6 8. Ngxe4 Nbd7 9. Ng3 Nb6 10. Qd3 d5 11. c5 Nbd7 12. h3 Be6 13. b4 g6 14. Bf4 Bg7 15. Bd6 Nb6 16. Bf4 Nc4 17. h4 h5 18. Bf3 O-O 19. Bg5 Qd7 20. Bxf6 Bxf6 21. Bxh5 a5 22. bxa5 Rxa5 23. Bf3 Ra3 24. e3 Re8 25. Kf1 Bd8 26. Rc1 Bc7 27. Rg1 Bh3+ 28. Ke1 Kh8 29. h5 g5 0-1

[Event "Cardoza US op"]
[Site "Kona"]
[Date "1998.08.05"]
[Round "5"]
[White "Gulko, Boris F"]
[Black "Garbett, Paul Anthony"]
[Result "1-0"]
[WhiteElo "2585"]
[BlackElo "2360"]
[PlyCount "87"]
[EventDate "1998.08.??"]
[Source "www.chesslib.no"]
[SourceDate "2004.05.04"]

1. d4 Nf6 2. c4 d6 3. Nc3 e5 4. Nf3 e4 5. Ng5 Bf5 6. f3 exf3 7. gxf3 h6 8. Nh3 Nh5 9. Nf2 Qh4 10. e4 Bd7 11. Be3 Be7 12. f4 c6 13. Qf3 f5 14. Be2 g6 15. e5 dxe5 16. dxe5 Na6 17. O-O-O Be6 18. Rhg1 Kf7 19. Rg3 Bc5 20. Rh3 Bxe3+ 21. Qxe3 Qxf4 22. Bxh5 Qxe3+ 23. Rxe3 gxh5 24. Nh3 Rad8 25. b3 Rxd1+ 26. Kxd1 Nc5 27. Nf4 Rd8+ 28. Ke1 Rd4 29. Nce2 Re4 30. Kd2 a5 31. Rxe4 Nxe4+ 32. Ke3 c5 33. Nxh5 a4 34. Nhf4 axb3 35. axb3 Bd7 36. Ng3 Nxg3 37. hxg3 Bc6 38. Kd3 b5 39. cxb5 Bxb5+ 40. Ke3 Bd7 41. Nd3 Bb5 42. Nxc5 Kg6 43. Kf4 Bc6 44. Ne6 1-0

[Event "BL2-W 9495"]
[Site "GER"]
[Date "1995.??.??"]
[Round "?"]
[White "Haba, Petr"]
[Black "Balashov, Yuri S"]
[Result "1/2-1/2"]
[WhiteElo "2440"]
[BlackElo "2505"]
[PlyCount "42"]
[EventDate "1994.10.??"]
[Source "www.chesslib.no"]
[SourceDate "2004.05.04"]

1. d4 Nf6 2. c4 d6 3. Nc3 e5 4. Nf3 Nbd7 5. Bg5 h6 6. Bh4 exd4 7. Nxd4 g6 8. e3 Bg7 9. Be2 O-O 10. O-O Re8 11. Rc1 Nc5 12. Qc2 g5 13. Bg3 Nfe4 14. Nxe4 Nxe4 15. Rfd1 Qe7 16. Bd3 Bxd4 17. Bxe4 Qxe4 18. Qxe4 Rxe4 19. Rxd4 Rxd4 20. exd4 Bd7 21. Re1 Re8 1/2-1/2

[Event "RUS-Cup"]
[Site "?"]
[Date "1999.??.??"]
[Round "6"]
[White "Shariyazdanov Andrey"]
[Black "Varavin Viktor"]
[Result "1/2-1/2"]
[WhiteElo "2539"]
[BlackElo "2406"]
[PlyCount "156"]
[EventDate "1999.??.??"]
[Source "www.chesslib.no"]
[SourceDate "2004.05.04"]

1. d4 Nf6 2. c4 d6 3. Nc3 e5 4. Nf3 Nbd7 5. Bg5 h6 6. Bh4 g5 7. dxe5 dxe5 8. Bg3 Qe7 9. e3 c6 10. Qc2 Bg7 11. Bd3 Nh5 12. Bf5 Nb6 13. Nd2 Bxf5 14. Qxf5 Qd7 15. Qxd7+ Kxd7 16. O-O-O Kc7 17. f3 Nxg3 18. hxg3 Rad8 19. Kc2 f5 20. g4 f4 21. b3 Nc8 22. Nde4 Rxd1 23. Rxd1 Re8 24. Rd3 Re7 25. b4 Bf8 26. a3 Rd7 27. Rxd7+ Kxd7 28. Kd3 Ke6 29. g3 fxe3 30. Kxe3 Nb6 31. Kd3 Nd7 32. Kc2 Be7 33. Kb3 Bd8 34. Nd1 Be7 35. Ne3 Bf8 36. a4 a5 37. bxa5 Nc5+ 38. Nxc5+ Bxc5 39. Nc2 e4 40. fxe4 Ke5 41. Nb4 Kxe4 42. a6 bxa6 43. Nxa6 Bf2 44. a5 Kf3 45. c5 Kxg4 46. Kc4 h5 47. Nb4 h4 48. gxh4 gxh4 49. a6 h3 50. Nd3 Bxc5 51. Kxc5 Kg3 52. a7 h2 53. a8=Q h1=Q 54. Qb8+ Kf3 55. Qf4+ Ke2 56. Nc1+ Ke1 57. Qe3+ Kf1 58. Qe2+ Kg1 59. Nd3 Qd5+ 60. Kb6 Qg2 61. Qe3+ Kh2 62. Ne5 Qg3 63. Qe4 Qf2+ 64. Kc7 Qg3 65. Kd6 c5 66. Kxc5 Qf2+ 67. Kd6 Qd2+ 68. Ke6 Qh6+ 69. Kf7 Qh5+ 70. Kf6 Qh6+ 71. Ng6 Kg3 72. Qe2 Qc1 73. Qd3+ Kf2 74. Qf5+ Ke1 75. Qe5+ Kd2 76. Qd4+ Kc2 77. Ne5 Qh6+ 78. Ke7 Qg5+ 1/2-1/2

[Event "España-ch B"]
[Site "Sevilla"]
[Date "2004.08.15"]
[Round "3.1"]
[White "Oms Pallise, Josep"]
[Black "Fernandez Romero, Ernesto"]
[Result "1/2-1/2"]
[WhiteElo "2518"]
[BlackElo "2423"]
[PlyCount "137"]
[EventDate "2004.08.13"]
[Source "Roberto Alvarez"]
[SourceDate "2004.08.24"]

1. d4 Nf6 2. c4 d6 3. Nc3 e5 4. Nf3 e4 5. Ng5 Bf5 6. g4 Bxg4 7. Bg2 Nc6 8. Ngxe4 Nxe4 9. Bxe4 Qd7 10. Be3 Be7 11. Nd5 f5 12. Bg2 O-O 13. h4 Bh5 14. Nf4 Bf7 15. Bd5 Bf6 16. Qd2 Bxd5 17. Nxd5 Rae8 18. O-O-O a6 19. Nxf6+ Rxf6 20. Bg5 Rf7 21. e3 d5 22. c5 Nd8 23. Qb4 Qb5 24. Qxb5 axb5 25. Bxd8 Rxd8 26. f4 Ra8 27. a3 Re7 28. Rh3 Ra6 29. Kc2 Rg6 30. Rd2 Rg4 31. Kb3 Kf7 32. Kb4 c6 33. Ka5 Ke8 34. Kb6 Kd8 35. h5 Kc8 36. Re2 Rg1 37. Rhh2 Rc1 38. h6 g6 39. Reg2 Re6 40. b4 Rc3 41. Ra2 Rexe3 42. a4 bxa4 43. Rxa4 Rb3 44. Rha2 Re4 45. Ra8+ Kd7 46. Rg8 Rxb4+ 47. Ka7 Rbxd4 48. Rg7+ Re7 49. Rb2 Ke6 50. Rxb7 Ra4+ 51. Kb8 Rxb7+ 52. Kxb7 Rxf4 53. Rxh7 Rh4 54. Kxc6 f4 55. Rh8 Kf7 56. Kxd5 f3 57. Ra8 f2 58. Ra1 Rxh6 59. Rf1 Rh5+ 60. Kd6 Rf5 61. c6 Ke8 62. c7 Rf6+ 63. Ke5 Rc6 64. Rxf2 Rxc7 65. Rf6 Re7+ 66. Kf4 Rf7 67. Kg5 Rxf6 68. Kxf6 g5 69. Kxg5 1/2-1/2

[Event "ch-ESP 3rd-4th"]
[Site "Sevilla"]
[Date "2004.08.21"]
[Round "2"]
[White "Oms Pallise, Josep"]
[Black "Fernandez Romero, Ernesto"]
[Result "1/2-1/2"]
[WhiteElo "2518"]
[BlackElo "2423"]
[PlyCount "67"]
[EventDate "2004.08.20"]
[Source "Roberto Alvarez"]
[SourceDate "2004.09.06"]

1. d4 Nf6 2. c4 d6 3. Nc3 e5 4. Nf3 e4 5. Ng5 Bf5 6. g4 Bxg4 7. Bg2 Be7 8. Ngxe4 Nxe4 9. Nxe4 Nc6 10. Ng3 O-O 11. Qd3 Re8 12. Bd2 Bh4 13. O-O-O Qf6 14. f3 Bd7 15. e3 a5 16. a3 Rab8 17. Kb1 a4 18. Bc3 b5 19. cxb5 Na7 20. d5 Qg6 21. Qxg6 hxg6 22. e4 Nxb5 23. Bb4 f5 24. Bh3 c5 25. dxc6 Bxc6 26. Rc1 Bb7 27. Rhd1 Bf6 28. exf5 gxf5 29. Bxf5 Bxf3 30. Rd3 Be2 31. Rd2 Bf3 32. Rd3 Be2 33. Rd2 Bf3 34. Rd3 1/2-1/2

[Event "ch-ESP 3rd-4th"]
[Site "Sevilla"]
[Date "2004.08.21"]
[Round "5"]
[White "Oms Pallise, Josep"]
[Black "Fernandez Romero, Ernesto"]
[Result "1-0"]
[WhiteElo "2518"]
[BlackElo "2423"]
[PlyCount "59"]
[EventDate "2004.08.20"]
[Source "Roberto Alvarez"]
[SourceDate "2004.09.06"]

1. d4 Nf6 2. c4 d6 3. Nc3 e5 4. Nf3 e4 5. Ng5 Bf5 6. g4 Bxg4 7. Bg2 Be7 8. Ngxe4 Nxe4 9. Nxe4 O-O 10. Ng3 Re8 11. Bxb7 Nd7 12. Bxa8 Qxa8 13. f3 Bh4 14. Kf2 Bh3 15. Qd3 f5 16. Rd1 Qd8 17. Kg1 Qf6 18. Kh1 g5 19. Bd2 f4 20. Ne4 Qf5 21. Rg1 h6 22. Bc3 Kh7 23. b4 Rg8 24. a4 h5 25. Be1 Bxe1 26. Raxe1 Kh6 27. e3 fxe3 28. Qxe3 Rg6 29. Rxg5 Rxg5 30. Rg1 1-0

[Event "Alushta 83/46"]
[Site "?"]
[Date "2001.??.??"]
[Round "?"]
[White "Murashko, V."]
[Black "Varavin, V."]
[Result "0-1"]
[WhiteElo "2436"]
[BlackElo "2491"]
[PlyCount "122"]
[EventDate "2001.??.??"]
[Source "Chess Informant"]
[SourceDate "2001.10.01"]

1. d4 Nf6 2. c4 d6 3. Nc3 e5 4. Nf3 e4 5. Nd2 Bf5 6. e3 c5 7. Be2 Nc6 8. g4 cxd4 9. exd4 Bg6 10. g5 e3 11. fxe3 Nd7 12. Nf3 h6 13. gxh6 Rxh6 14. Qb3 Nb6 15. Bd2 Be7 16. O-O-O Rc8 17. h4 a6 18. Qa3 Nxc4 19. Bxc4 d5 20. Qa4 dxc4 21. e4 Rh5 22. d5 b5 23. Qxa6 Nb4 24. Qxb5+ Kf8 25. Ne1 Rb8 26. Qxc4 Rc8 27. Qe2 Qxd5 28. Rh3 Qxa2 29. Nc2 Nxc2 30. Kxc2 Re5 31. Re3 Bh5 32. Qh2 Qa4+ 33. Kb1 Rxc3 34. Rxc3 Qxe4+ 35. Kc1 Qa8 36. Qxe5 Qa1+ 37. Kc2 Qxd1+ 38. Kd3 Qf1+ 39. Kd4 Qg1+ 40. Be3 Qd1+ 41. Ke4 Qh1+ 42. Kd3 Qb1+ 43. Kd4 Qxb2 44. Qxh5 Bf6+ 45. Kd5 Qxc3 46. Bc5+ Kg8 47. Qg4 g6 48. h5 Qe5+ 49. Kc4 g5 50. Qc8+ Kh7 51. Qd7 Qe2+ 52. Kd5 Qd1+ 53. Kc6 Qxh5 54. Qd5 Qg6 55. Kd7 Bg7 56. Qh1+ Bh6 57. Bf8 g4 58. Qh4 Qg5 59. Qh1 g3 60. Bxh6 Qxh6 61. Qe4+ Qg6 0-1

[Event "Meudon"]
[Site "Meudon"]
[Date "1990.??.??"]
[Round "7"]
[White "Vaisser, Anatoli V"]
[Black "Belkhodja, Slim"]
[Result "1/2-1/2"]
[WhiteElo "2540"]
[BlackElo "2385"]
[PlyCount "102"]
[EventDate "1990.??.??"]
[Source "www.chesslib.no"]
[SourceDate "2004.05.04"]

1. d4 Nf6 2. c4 d6 3. Nc3 e5 4. Nf3 e4 5. Ng5 Qe7 6. Qc2 Bf5 7. g4 Bg6 8. Bg2 Nc6 9. d5 Ne5 10. Ngxe4 Nxe4 11. Bxe4 Nxg4 12. h4 O-O-O 13. f3 Ne5 14. h5 Bxe4 15. Qxe4 Re8 16. Bd2 g6 17. O-O-O Rg8 18. h6 f5 19. Qd4 Kb8 20. Kb1 a6 21. b4 Nd7 22. e4 Qe5 23. Qd3 fxe4 24. Nxe4 Be7 25. Bc3 Qf5 26. Ng3 Qxd3+ 27. Rxd3 Bf6 28. Ne4 Bxc3 29. Rxc3 Re5 30. Rd1 Rf8 31. c5 Nf6 32. cxd6 cxd6 33. Nxd6 Rxd5 34. Rcd3 Rxd3 35. Rxd3 Ng8 36. Ne4 Nxh6 37. Ng5 Rf5 38. Nxh7 Nf7 39. Nf8 Ne5 40. Rd8+ Ka7 41. Ne6 Rxf3 42. Nd4 Rf2 43. b5 axb5 44. Rd6 Nc6 45. Nxc6+ bxc6 46. Rxg6 Kb6 47. Rh6 b4 48. Rh3 Kb5 49. a3 c5 50. axb4 Kxb4 51. Kc1 c4 1/2-1/2

[Event "Rilton Cup 9899"]
[Site "Stockholm"]
[Date "1998.12.29"]
[Round "2"]
[White "Gleizerov, Evgeny"]
[Black "Sjoberg, Mats"]
[Result "1-0"]
[WhiteElo "2535"]
[BlackElo "2385"]
[PlyCount "80"]
[EventDate "1998.12.??"]
[Source "ChessBase"]
[SourceDate "1999.03.01"]

1. d4 Nf6 2. c4 d6 3. Nc3 e5 4. Nf3 Nc6 5. d5 Ne7 6. e4 g6 7. Be2 Bg7 8. O-O Nh5 9. g3 Bh3 10. Re1 h6 11. Nd2 Nf6 12. c5 dxc5 13. Nc4 O-O 14. Nxe5 Nfxd5 15. exd5 Bxe5 16. Bxh6 Nf5 17. Bxf8 Qxf8 18. Bf1 Bxf1 19. Kxf1 Qg7 20. Qd3 Rd8 21. Re4 Nd6 22. Re2 c4 23. Qe3 Bf6 24. Rae1 b6 25. Qc1 Qh8 26. Kg2 Qh5 27. Qd2 Kg7 28. h3 Rh8 29. Rh1 Qf5 30. g4 Qd7 31. Rhe1 b5 32. a3 c5 33. dxc6 Qxc6+ 34. Qd5 Rc8 35. Rd1 a5 36. Qxc6 Rxc6 37. Red2 Bxc3 38. bxc3 Ne4 39. Rc2 Rc5 40. Rd7 Nf6 1-0

[Event "World Cup VII Final"]
[Site "Cork World Cup VII Final"]
[Date "1994.??.??"]
[Round "?"]
[White "Partikas, Valentinas A"]
[Black "Popov, Albert E"]
[Result "1/2-1/2"]
[WhiteElo "2430"]
[BlackElo "2485"]
[PlyCount "52"]
[EventDate "1994.??.??"]
[Source "www.chesslib.no"]
[SourceDate "2004.05.04"]

1. d4 Nf6 2. c4 d6 3. Nc3 e5 4. Nf3 Qe7 5. Bg5 c6 6. e3 h6 7. Bh4 Bg4 8. Be2 Nbd7 9. h3 Bxf3 10. Bxf3 g5 11. Bg3 Bg7 12. d5 c5 13. e4 h5 14. Be2 a6 15. a3 Nf8 16. Qa4+ Qd7 17. Qxd7+ N8xd7 18. f3 Ke7 19. Kd2 Bh6 20. Kc2 h4 21. Bh2 Nh5 22. Rhb1 Nf4 23. Bf1 Rhc8 24. b4 b6 25. Bg1 Bf8 26. a4 a5 1/2-1/2

[Event "Herceg Novi Mimoza op"]
[Site "Herceg Novi"]
[Date "2002.02.07"]
[Round "6"]
[White "Nanu, Ciprian"]
[Black "Dizdarevic, Emir"]
[Result "1-0"]
[WhiteElo "2412"]
[BlackElo "2502"]
[PlyCount "127"]
[EventDate "2002.02.04"]
[Source "ChessBase"]
[SourceDate "2002.03.14"]

1. d4 Nf6 2. c4 d6 3. Nc3 e5 4. Nf3 e4 5. Ng5 Qe7 6. Qc2 Nc6 7. d5 Nd4 8. Qb1 e3 9. fxe3 Nf5 10. e4 Nh6 11. Nf3 Nhg4 12. g3 g6 13. Bf4 Nh5 14. Bg5 f6 15. Bd2 Bh6 16. Qc1 Bxd2+ 17. Qxd2 O-O 18. Bh3 f5 19. Bxg4 fxg4 20. Nd4 Bd7 21. Qe3 Rae8 22. O-O-O Nf6 23. Rhf1 c5 24. dxc6 bxc6 25. Nc2 Nxe4 26. Rxf8+ Kxf8 27. Nxe4 Qxe4 28. Rxd6 Qh1+ 29. Rd1 Rxe3 30. Rxh1 Rxe2 31. Rd1 Bf5 32. Rd2 Re5 33. Nd4 Bd7 34. Re2 Rxe2 35. Nxe2 Ke7 36. Kd2 Kd6 37. Kd3 Bf5+ 38. Kd4 c5+ 39. Ke3 a5 40. Nc3 Ke5 41. Na4 Kd6 42. Kf4 Be6 43. b3 h6 44. Nc3 g5+ 45. Ke4 Bd7 46. Nd1 Ke6 47. Nf2 Kd6 48. Nd3 Bc8 49. Nf2 Bd7 50. Ke3 Bf5 51. Ne4+ Kc6 52. a3 Be6 53. Nf6 Bf5 54. Ng8 Be6 55. Nxh6 a4 56. bxa4 Bxc4 57. Nxg4 Be6 58. Nf2 Kb6 59. h4 gxh4 60. gxh4 Bf7 61. Ne4 Bh5 62. Nf6 Bf7 63. Nd7+ Ka5 64. Nxc5 1-0

[Event "URS-ch48 sf Tallinn"]
[Site "Tallinn EST"]
[Date "1980.??.??"]
[Round "?"]
[White "Kakageldyev, Amanmurad"]
[Black "Zhuravlev, Vladimir"]
[Result "0-1"]
[WhiteElo "2410"]
[BlackElo "2500"]
[PlyCount "80"]
[EventDate "1980.??.??"]
[Source "www.chesslib.no"]
[SourceDate "2004.05.04"]

1. d4 Nf6 2. c4 d6 3. Nc3 e5 4. Nf3 Qe7 5. Bg5 c6 6. dxe5 dxe5 7. Qd2 Bf5 8. e4 Bg4 9. h3 Bxf3 10. gxf3 h6 11. Be3 Na6 12. O-O-O Qc7 13. f4 Bb4 14. Bg2 Nd7 15. fxe5 Nxe5 16. Qe2 Bxc3 17. bxc3 Qa5 18. Bd4 O-O 19. f4 Ng6 20. Rhf1 c5 21. Be3 Qxc3+ 22. Kb1 b5 23. Rc1 Qa5 24. Bd2 b4 25. Rf3 Rab8 26. e5 Nc7 27. Rb3 Ne6 28. Bd5 Nd4 29. Qd3 Nxb3 30. axb3 Rb6 31. Kc2 Ra6 32. Kd1 Qc7 33. Ke2 Re8 34. Rg1 Nxe5 35. fxe5 Qxe5+ 36. Kf2 Ra2 37. Kf3 Kh8 38. Rg4 Qh2 39. Be3 Qxh3+ 40. Rg3 Qh5+ 0-1

[Event "RUS-ch U20"]
[Site "Ekaterinburg"]
[Date "1996.??.??"]
[Round "8"]
[White "Sotnikov, Igor"]
[Black "Prokopchuk, Evgeny"]
[Result "1/2-1/2"]
[WhiteElo "2455"]
[BlackElo "2450"]
[PlyCount "67"]
[EventDate "1996.??.??"]
[Source "ChessBase"]

1. d4 Nf6 2. c4 d6 3. Nc3 e5 4. Nf3 Nbd7 5. Bg5 Be7 6. e3 c6 7. Be2 exd4 8. exd4 O-O 9. O-O Re8 10. d5 cxd5 11. Nxd5 Nxd5 12. Qxd5 Nf6 13. Qd4 d5 14. cxd5 Nxd5 15. Bb5 Rf8 16. Bxe7 Nxe7 17. Rfe1 Nf5 18. Qf4 Qd6 19. Re5 Ne7 20. Qd4 Qxd4 21. Nxd4 Ng6 22. Ree1 a6 23. Be2 Rd8 24. Rad1 Bd7 25. Bf3 Rab8 26. g3 Kf8 27. Kg2 Re8 28. Be4 Ne5 29. f4 Nc4 30. b3 Nd6 31. Bf3 Rxe1 32. Rxe1 Rc8 33. Kf2 a5 34. Ke3 1/2-1/2

[Event "Garcia mem Premier"]
[Site "Santa Clara"]
[Date "1998.05.26"]
[Round "3"]
[White "Rivera, Alberto"]
[Black "Martin del Campo, Roberto"]
[Result "1-0"]
[WhiteElo "2415"]
[BlackElo "2485"]
[PlyCount "111"]
[EventDate "1998.05.24"]
[Source "ChessBase"]
[SourceDate "1998.09.30"]

1. d4 Nf6 2. c4 d6 3. Nc3 e5 4. Nf3 exd4 5. Nxd4 g6 6. e4 Bg7 7. Be2 O-O 8. O-O Re8 9. f3 c6 10. Kh1 Nbd7 11. Bf4 Ne5 12. Qd2 a5 13. b3 Nfd7 14. Rfd1 Nc5 15. Bg5 Qb6 16. Be3 a4 17. Rab1 axb3 18. axb3 Qc7 19. h3 Qe7 20. Bf1 f5 21. Bg5 Qf7 22. exf5 gxf5 23. Nce2 Ng6 24. Bh6 Be5 25. Nf4 Nxf4 26. Bxf4 Qg7 27. Ne2 Ne6 28. Be3 f4 29. Bg1 Kh8 30. Bh2 Rf8 31. b4 Bd7 32. Rb3 Rf7 33. Rd3 Qf6 34. Bg1 Rg7 35. Rxd6 Bxd6 36. Qxd6 Rf7 37. Nd4 Ng7 38. Qc5 Qe7 39. Qb6 Be8 40. Ne2 Nh5 41. Bd4+ Kg8 42. Bc3 Qg5 43. Qd4 Ng7 44. Qe5 Qxe5 45. Bxe5 Nh5 46. Kg1 Rf5 47. Bd6 Bf7 48. c5 Ra2 49. Nd4 Rg5 50. h4 Rg6 51. Nf5 Rf6 52. Be5 Bd5 53. Bxf6 Nxf6 54. Rd4 Be6 55. Rd6 Kf7 56. Nh6+ 1-0

[Event "Agios Nikolaos Open"]
[Site "Agios Nikolaos GRE"]
[Date "1995.??.??"]
[Round "1"]
[White "Botsari-Miladinovic, Anna-Maria"]
[Black "Kuzmin, Gennadi P"]
[Result "0-1"]
[WhiteElo "2355"]
[BlackElo "2545"]
[PlyCount "68"]
[EventDate "1995.??.??"]
[Source "www.chesslib.no"]
[SourceDate "2004.05.04"]

1. d4 Nf6 2. c4 d6 3. Nc3 e5 4. Nf3 Nc6 5. e4 Bg4 6. d5 Nd4 7. Be3 Nxf3+ 8. gxf3 Bd7 9. Bd3 Nh5 10. Qd2 Be7 11. Ne2 O-O 12. f4 f5 13. fxe5 fxe4 14. Bxe4 dxe5 15. c5 Nf6 16. d6 Nxe4 17. Qd5+ Kh8 18. dxe7 Qxe7 19. Qxb7 Bg4 20. Qxe4 Bf3 21. Qa4 Bxh1 22. O-O-O Bf3 23. Rd2 Rfd8 24. Rxd8+ Rxd8 25. Nc3 Qd7 26. Qxd7 Rxd7 27. c6 Bxc6 28. Bxa7 Kg8 29. a4 Kf7 30. a5 Ke6 31. b4 Rd3 32. Kc2 Rh3 33. b5 Bf3 34. Na4 Rxh2 0-1

[Event "BRA-ch"]
[Site "Rio de Janeiro"]
[Date "1998.??.??"]
[Round "11"]
[White "Leitao, Rafael"]
[Black "Van Riemsdijk, Herman C"]
[Result "1/2-1/2"]
[WhiteElo "2515"]
[BlackElo "2375"]
[PlyCount "20"]
[EventDate "1998.02.06"]
[Source "ChessBase"]
[SourceDate "1998.04.29"]

1. d4 Nf6 2. c4 d6 3. Nc3 e5 4. Nf3 Nc6 5. d5 Ne7 6. g3 Ng6 7. Bg2 Be7 8. e4 h5 9. h4 Bg4 10. Qb3 Qc8 1/2-1/2

[Event "Krasnodar"]
[Site "Krasnodar"]
[Date "1991.??.??"]
[Round "?"]
[White "Shestoperov, Aleksej"]
[Black "Varavin, Viktor"]
[Result "0-1"]
[WhiteElo "2450"]
[BlackElo "2440"]
[PlyCount "120"]
[EventDate "1991.??.??"]
[Source "ChessBase"]

1. d4 Nf6 2. c4 d6 3. Nc3 e5 4. Nf3 e4 5. Nd2 Qe7 6. e3 g6 7. Be2 h5 8. Qa4+ c6 9. Nd5 Nxd5 10. cxd5 Bd7 11. dxc6 Bxc6 12. Bb5 d5 13. O-O Qc7 14. Qb3 Nd7 15. f3 f5 16. Bxc6 bxc6 17. fxe4 fxe4 18. Nxe4 dxe4 19. Qe6+ Be7 20. Qxg6+ Kd8 21. Qxe4 Nf6 22. Qf5 Qd7 23. Qe5 Rf8 24. Bd2 Qd5 25. Rf5 Qxe5 26. dxe5 Ne4 27. Ba5+ Kd7 28. Rd1+ Ke6 29. Rxh5 Bg5 30. Rd3 Rh8 31. Rxh8 Rxh8 32. Be1 c5 33. b3 Kxe5 34. g3 Rg8 35. Kg2 Rg6 36. a4 a6 37. Ba5 Bh6 38. Bc7+ Ke6 39. Bf4 Bf8 40. Kf3 Ng5+ 41. Kg2 Nf7 42. e4 Bd6 43. Kf3 Ne5+ 44. Bxe5 Bxe5 45. Rd5 Rf6+ 46. Kg4 Bd6 47. Rg5 Rf2 48. Rg6+ Ke5 49. h4 Rb2 50. h5 Rxb3 51. h6 Rb1 52. Kf3 c4 53. Rg5+ Ke6 54. Rh5 Rb8 55. h7 Be5 56. Ke3 Rd8 57. Rh6+ Bf6 58. Kf4 c3 59. Rh2 Rc8 60. Rc2 Rc7 0-1

[Event "Cup Felix (open)"]
[Site "Felix Spa (Romania)"]
[Date "2007.05.27"]
[Round "5"]
[White "Miron Lucian-Costin (ROM)"]
[Black "Nanu Ciprian-Costica (ROM)"]
[Result "0-1"]
[WhiteElo "2375"]
[BlackElo "2509"]
[PlyCount "86"]
[EventDate "2007.??.??"]
[Source "www.chesslib.no"]
[SourceDate "2004.05.04"]

1. d4 Nf6 2. c4 d6 3. Nc3 e5 4. Nf3 e4 5. Ng5 Qe7 6. g3 h6 7. Nh3 Bf5 8. Bg2 c6 9. Qb3 Qd7 10. Ng1 Be7 11. f3 exf3 12. Nxf3 O-O 13. O-O Na6 14. Nh4 Bh7 15. Bd2 Rae8 16. Rae1 Bd8 17. e4 Bb6 18. Rxf6 gxf6 19. Bxh6 Bxd4+ 20. Kf1 Nc5 21. Qc2 d5 22. Bxf8 Kxf8 23. b4 Nxe4 24. Nxe4 dxe4 25. Qd1 Re5 26. Qc2 c5 27. Rd1 b6 28. b5 Qg4 29. Qe2 Rf5+ 30. Nxf5 Qxf5+ 31. Ke1 Bc3+ 32. Rd2 Qe5 33. Kd1 Bxd2 34. Qxd2 Qh5+ 35. Ke1 Qxh2 36. Kf2 Kg7 37. Qf4 Bg6 38. a3 f5 39. Kf1 Qh5 40. Ke1 Kh7 41. a4 Qh6 42. Kf2 Qxf4+ 43. gxf4 Bh5 0-1